000 00446nam a22001577a 4500
005 20260204102112.0
008 260204b |||||||| |||| 00| 0 eng d
020 _a0-201-36120-5
100 _aSEDGEWICK, ROBERT
245 _aALGORITHMS IN JAVA
260 _aMASSACHUSETTS
_bADDISON -WESLEY
_c2003
300 _aXIX, 736P
500 _aINCLUDES INDEX
650 _a1.JAVA (COMPUTER PROGRAM LANGUAGE) 2. COMPUTER ALGORITHMS
942 _2lcc
_cBK
999 _c216531
_d216531